[Event "15th London Classic Open"]
[Site "London ENG"]
[Date "2025.12.01"]
[Round "7.50"]
[White "Deepak Ambattu, Rithvik"]
[Black "Hagesather, Arne"]
[Result "0-1"]
[WhiteTitle "CM"]
[WhiteElo "2168"]
[BlackElo "1975"]
[WhiteFideId "2410060"]
[BlackFideId "1502476"]
[EventDate "2025.11.27"]

1. e4 c6 2. d4 d5 3. e5 Bf5 4. h4 Na6 5. c3 Nc7 6. Bd3 Bxd3 7. Qxd3 e6 8. Ne2 c5
9. h5 Qd7 10. Be3 cxd4 11. Nxd4 Ne7 12. Nd2 Nc6 13. N2f3 f6 14. Bf4 fxe5 15.
Nxe5 Nxe5 16. Bxe5 Bd6 17. Qg3 O-O-O 18. O-O-O Bxe5 19. Qxe5 Rhf8 20. f3 h6 21.
Rde1 Rf6 22. Rh4 Rdf8 23. Rg4 R8f7 24. Kb1 a6 25. Rxg7 Rxf3 26. Rxf7 Rxf7 27.
Qh8+ Qd8 28. Qxh6 Qh4 29. Qh8+ Kd7 30. Qe5 Qg4 31. Nf3 Qxg2 32. Nh4 Qd2 33. c4
Qd3+ 34. Ka1 Qxc4 35. Ng6 Qc2 36. Qe3 Rf2 37. Ne5+ Kc8 38. Qc1 Qxc1+ 39. Rxc1
Rh2 40. Rg1 Nb5 41. a4 Nd4 42. Rg8+ Kc7 43. Rg7+ Kd6 44. Nf7+ Kc5 45. h6 Kb4 46.
h7 Rh1+ 47. Ka2 Nb3 48. Rg4+ d4 49. Rxd4+ Nxd4 50. h8=Q Rxh8 51. Nxh8 Kxa4 52.
Nf7 Kb4 53. Nd6 b5 54. Ne4 a5 55. Kb1 Kc4 56. Nf2 a4 57. Kc1 b4 58. Ne4 e5 59.
Kb1 Nc6 60. Kc2 Kd4 61. Ng5 b3+ 62. Kd2 Nb4 63. Nf3+ Kd5 64. Kc3 e4 65. Nh4 Nd3
66. Ng2 Ke5 67. Ne3 Kf4 68. Nc4 Kf3 69. Nd2+ Ke3 70. Nf1+ Ke2 71. Ng3+ Kf3 72.
Nf1 Nxb2 73. Kxb2 e3 0-1

[Event "15th London Classic Open"]
[Site "London ENG"]
[Date "2025.12.01"]
[Round "7.51"]
[White "Gurevich, Artjom"]
[Black "Dobrosmyslov, Artem"]
[Result "0-1"]
[BlackTitle "FM"]
[WhiteElo "2163"]
[BlackElo "2254"]
[WhiteFideId "2603870"]
[BlackFideId "24139521"]
[EventDate "2025.11.27"]

1. d4 d5 2. Nf3 Nf6 3. c4 e6 4. g3 dxc4 5. Bg2 a6 6. a4 Nc6 7. e3 Rb8 8. Nfd2 e5
9. dxe5 Nxe5 10. O-O Be6 11. Nc3 Bb4 12. f4 Neg4 13. Qf3 Bxc3 14. bxc3 Qd3 15.
e4 Qe3+ 16. Kh1 Rd8 17. h3 Nh5 18. hxg4 Nxg3+ 19. Kh2 Nxf1+ 20. Nxf1 Qxf3 21.
Bxf3 Rd3 22. Kg2 Rxc3 23. Ne3 O-O 24. f5 Bd7 25. Nd5 Rc2+ 26. Kg3 Bxa4 27. Bd1
Re8 28. Bf4 Rxe4 29. Rxa4 Rb2 30. Nc3 Rd4 31. Bf3 Rb3 32. Be5 Rd3 33. Rxc4 f6
34. Bd4 c5 35. Rxc5 Rxd4 36. Kf2 Kf8 37. Rc7 Rd3 38. Rc8+ Ke7 39. Nd5+ Kd7 40.
Rc7+ Kd6 41. Be4 Rb2+ 42. Ke1 Rxd5 0-1

[Event "15th London Classic Open"]
[Site "London ENG"]
[Date "2025.12.01"]
[Round "7.52"]
[White "Lau, Lut Yin Luke"]
[Black "Smith, Andrew Philip"]
[Result "1-0"]
[WhiteTitle "CM"]
[BlackTitle "FM"]
[WhiteElo "2243"]
[BlackElo "2145"]
[WhiteFideId "6002226"]
[BlackFideId "2500833"]
[EventDate "2025.11.27"]

1. e4 c5 2. c3 e6 3. d4 d5 4. e5 Nc6 5. Nf3 Bd7 6. Be2 f6 7. O-O fxe5 8. dxe5
Qc7 9. Re1 O-O-O 10. a4 Nxe5 11. Na3 Nxf3+ 12. Bxf3 a6 13. b4 Bd6 14. c4 Nf6 15.
cxd5 exd5 16. bxc5 Bxh2+ 17. Kh1 Ne4 18. Be3 Bf4 19. Bd4 Qc6 20. g3 Qh6+ 21. Kg1
Bc7 22. c6 Bxc6 23. Nb5 axb5 24. axb5 Bxb5 25. Bg4+ Rd7 26. Ra8+ Bb8 27. Rxe4
dxe4 28. Be5 Kd8 29. Bxd7 Ke7 30. Bxb5 Rd8 31. Qa1 Qh5 32. Qa3+ Ke6 33. Bc4+ Kf5
34. Rxb8 Rd1+ 35. Bf1 Kxe5 36. Qc5+ Rd5 37. Re8+ Qxe8 38. f4+ Ke6 39. Bh3+ Kf6
40. Qxd5 Qc6 41. Qxc6+ bxc6 42. Kf2 g5 43. Ke3 h5 44. Kxe4 h4 45. g4 gxf4 46.
Kxf4 c5 47. g5+ Kg6 48. Bf5+ Kh5 49. g6 Kh6 50. Kg4 1-0

[Event "15th London Classic Open"]
[Site "London ENG"]
[Date "2025.12.01"]
[Round "7.53"]
[White "Richardson, John R"]
[Black "Willmoth, Robert F"]
[Result "1/2-1/2"]
[WhiteTitle "FM"]
[BlackTitle "CM"]
[WhiteElo "2224"]
[BlackElo "2130"]
[WhiteFideId "401617"]
[BlackFideId "402540"]
[EventDate "2025.11.27"]

1. e4 g6 2. d4 Bg7 3. Nc3 c6 4. f4 d5 5. e5 h5 6. Nf3 Nh6 7. Be3 Bg4 8. Be2 Nf5
9. Bf2 e6 10. Qd3 Nd7 11. g3 Qa5 12. a3 Bf8 13. h3 Bxf3 14. Bxf3 Bb4 15. Kd2
Bxc3+ 16. Qxc3 Qxc3+ 17. Kxc3 O-O-O 18. g4 Ng7 19. Bh4 Rdg8 20. Rag1 Rh7 21. Kd3
Rgh8 22. Be7 hxg4 23. hxg4 Rxh1 24. Rxh1 Rxh1 25. Bxh1 b5 26. Ke2 Nb6 27. Kf2
Kd7 28. Bc5 Na4 29. Bf8 Ne8 30. b3 Nb6 31. Bf3 a5 32. Bc5 Nc8 33. Be2 Nc7 34.
Kg3 Ke8 35. a4 bxa4 36. bxa4 Kd7 37. Kh4 Na8 38. Ba3 Nab6 39. Bc1 Nc4 40. Bxc4
dxc4 41. Bd2 Nb6 42. Bxa5 Nxa4 43. Kg5 c5 44. dxc5 Nxc5 45. f5 gxf5 46. gxf5
exf5 47. Kxf5 Kc6 48. Bb4 Ne6 49. Kf6 Kd5 50. Bd6 Nd8 51. Bc7 1/2-1/2

[Event "15th London Classic Open"]
[Site "London ENG"]
[Date "2025.12.01"]
[Round "7.54"]
[White "Aditya, Kunal Patil"]
[Black "Hng, Mei-En Emmanuelle"]
[Result "0-1"]
[WhiteTitle "CM"]
[BlackTitle "WFM"]
[WhiteElo "2208"]
[BlackElo "2125"]
[WhiteFideId "25656716"]
[BlackFideId "5804566"]
[EventDate "2025.11.27"]

1. e4 c5 2. Nc3 d6 3. f4 Nc6 4. Nf3 Nf6 5. Bb5 a6 6. Bxc6+ bxc6 7. d3 g6 8. O-O
Bg7 9. e5 Nd5 10. Ne4 O-O 11. h3 Rb8 12. c4 Nc7 13. Qe2 Ne6 14. Be3 Nd4 15. Bxd4
cxd4 16. Kh1 c5 17. Rab1 Qc7 18. exd6 exd6 19. Rfe1 Bd7 20. Qf2 Bc6 21. Nfd2 Qd7
22. Qh4 f5 23. Ng5 Bf6 24. b3 Qg7 25. Qg3 Rfe8 26. Ngf3 Re3 27. Rxe3 dxe3 28.
Nf1 Re8 29. N1h2 Qe7 30. Qe1 e2 31. Qd2 Bh4 32. Ne1 Bf2 33. d4 cxd4 34. b4 Qh4
35. Nhf3 Bxf3 36. Nxf3 e1=Q+ 37. Nxe1 Rxe1+ 38. Rxe1 Bxe1 39. Qxd4 Qe7 40. b5
axb5 41. cxb5 Bg3 42. Qc4+ Kf8 43. Qc3 Bxf4 44. Qh8+ Kf7 45. Qxh7+ Kf8 46. Qh8+
Kf7 47. Qh7+ Kf6 48. Qh4+ g5 49. Qh8+ Kf7 50. Qa1 d5 51. Qb1 Qe4 52. Qd1 Ke6 53.
b6 Qb4 54. Qe2+ Be5 0-1

[Event "15th London Classic Open"]
[Site "London ENG"]
[Date "2025.12.01"]
[Round "7.55"]
[White "Kovalskyi, Roman"]
[Black "Varney, Zoe"]
[Result "1-0"]
[BlackTitle "WFM"]
[WhiteElo "2208"]
[BlackElo "2062"]
[WhiteFideId "14184214"]
[BlackFideId "436135"]
[EventDate "2025.11.27"]

1. e4 e5 2. Nf3 Nc6 3. d4 exd4 4. Nxd4 Nf6 5. Nxc6 bxc6 6. e5 Qe7 7. Qe2 Nd5 8.
h4 f6 9. c4 Ba6 10. exf6 Qxe2+ 11. Bxe2 Bb4+ 12. Nd2 Nxf6 13. a3 Be7 14. b3 Rb8
15. Bb2 c5 16. h5 Bb7 17. O-O-O O-O 18. Rh3 Bd6 19. Bd3 Rbe8 20. f3 Bc6 21. Nf1
a5 22. Ng3 a4 23. Nf5 Bf4+ 24. Kc2 d5 25. cxd5 Nxd5 26. Kb1 Bd7 27. Nxg7 Be5 28.
Nxe8 Bxb2 29. Rg3+ Kf7 30. Kxb2 Kxe8 31. Bxh7 Nf4 32. Rg7 Be6 33. Bg6+ Nxg6 34.
hxg6 axb3 35. Re1 Rf6 36. Rxc7 Rxg6 37. g4 Rh6 38. Rxc5 Rh2+ 39. Kc3 Kd7 40.
Rce5 Rc2+ 41. Kd4 Rd2+ 42. Ke3 Ra2 43. Kf4 Bg8 44. Rg5 Bc4 45. Rc5 Be2 46. Rc3
b2 47. Rb1 1-0

[Event "15th London Classic Open"]
[Site "London ENG"]
[Date "2025.12.01"]
[Round "7.56"]
[White "O'cuilleanain, Oisin"]
[Black "Khachatouri, Saro"]
[Result "0-1"]
[WhiteElo "2170"]
[BlackElo "2100"]
[WhiteFideId "2514249"]
[BlackFideId "1638076"]
[EventDate "2025.11.27"]

1. e4 d6 2. d4 Nf6 3. Bd3 e5 4. c3 d5 5. dxe5 Nxe4 6. Nf3 Nc6 7. O-O Bg4 8. Nbd2
Nc5 9. Be2 Be7 10. h3 Bh5 11. Nb3 O-O 12. Be3 Ne4 13. Nbd4 Qd7 14. Nxc6 bxc6 15.
Qc2 f5 16. exf6 Bxf6 17. Rad1 Rae8 18. c4 Bg6 19. Bd3 Bf5 20. Rfe1 Bxh3 21. gxh3
Qxh3 22. Nh2 Be5 23. f3 Re6 24. Bxe4 dxe4 25. Re2 Rg6+ 26. Kh1 Bxh2 27. Rxh2
Qxf3+ 28. Rg2 Rg4 0-1

[Event "15th London Classic Open"]
[Site "London ENG"]
[Date "2025.12.02"]
[Round "8.1"]
[White "Praggnanandhaa, R"]
[Black "Gavrilescu, David"]
[Result "1-0"]
[WhiteTitle "GM"]
[BlackTitle "GM"]
[WhiteElo "2768"]
[BlackElo "2542"]
[WhiteFideId "25059530"]
[BlackFideId "1227190"]
[EventDate "2025.11.27"]

1. e4 e6 2. d4 d5 3. Nc3 Nf6 4. e5 Nfd7 5. f4 c5 6. dxc5 Nc6 7. a3 Nxc5 8. Nf3
Be7 9. Be3 a6 10. Qd2 O-O 11. O-O-O b5 12. Qf2 Nd7 13. Nd4 Nxd4 14. Bxd4 f6 15.
Qg3 fxe5 16. fxe5 Bc5 17. Bxc5 Nxc5 18. b4 Nd7 19. Bd3 Qe7 20. Ne2 Nb6 21. Rhf1
Nc4 22. Rxf8+ Qxf8 23. Nd4 Ra7 24. Rf1 Rf7 25. Rxf7 Qxf7 26. Qh4 g6 27. Bxc4
dxc4 28. Qd8+ Kg7 29. Kb2 Bb7 30. g4 h6 31. h4 Bd5 32. g5 hxg5 33. hxg5 Kh7 34.
Qf6 Qa7 35. Kc3 a5 36. Nxb5 axb4+ 37. Kxb4 Qe3 38. Qf7+ Kh8 39. Qf8+ Kh7 40.
Qf7+ Kh8 41. Qe8+ Kg7 42. Qd7+ Kg8 43. Qd8+ Kg7 44. Qc7+ Kg8 45. Qb8+ Kg7 46.
Qa7+ 1-0

[Event "15th London Classic Open"]
[Site "London ENG"]
[Date "2025.12.02"]
[Round "8.2"]
[White "Ghasi, Ameet K"]
[Black "Ivic, Velimir"]
[Result "1/2-1/2"]
[WhiteTitle "GM"]
[BlackTitle "GM"]
[WhiteElo "2500"]
[BlackElo "2618"]
[WhiteFideId "409200"]
[BlackFideId "950122"]
[EventDate "2025.11.27"]

1. d4 Nf6 2. c4 e6 3. g3 Bb4+ 4. Bd2 Be7 5. Bg2 d5 6. Nf3 O-O 7. O-O c6 8. Qc2
Nbd7 9. Bf4 h6 10. Rd1 a5 11. Nc3 dxc4 12. Nd2 Nb6 13. e4 g5 14. Be3 Ng4 15. Nf1
e5 16. Ne2 Qc7 17. Bd2 f5 18. h3 f4 19. hxg4 f3 20. Bxf3 Rxf3 21. Nh2 Rf7 22.
Be3 Bd6 23. dxe5 Bxe5 24. f4 Bg7 25. Rf1 a4 26. a3 c3 27. Nxc3 Nc4 28. Qe2 Be6
29. Kg2 b5 30. e5 Raf8 31. Rae1 Rd7 32. Bc1 Rfd8 33. Rf2 Rd3 34. Ne4 R8d4 35.
Nc5 Bd5+ 36. Kh3 Rb3 37. Nxb3 axb3 38. Nf3 Re4 39. Qd1 Rxe1 40. Qxe1 h5 41. Nxg5
hxg4+ 42. Kxg4 Bh6 43. Ne4 Bg7 44. Nf6+ Bxf6 45. exf6 Qf7 46. f5 Qxf6 47. Qe8+
Kg7 48. Bf4 Bf7 49. Qe4 Bd5 50. Qe1 Kf7 51. Re2 Nd6 52. Re5 Nc4 53. Re2 Nd6 54.
Re5 Nc4 55. Re2 Nd6 1/2-1/2

[Event "15th London Classic Open"]
[Site "London ENG"]
[Date "2025.12.02"]
[Round "8.3"]
[White "Pranav, Anand"]
[Black "Fernandez, Daniel Howard"]
[Result "1/2-1/2"]
[WhiteTitle "GM"]
[BlackTitle "GM"]
[WhiteElo "2581"]
[BlackElo "2501"]
[WhiteFideId "46626786"]
[BlackFideId "5801605"]
[EventDate "2025.11.27"]

1. d4 e6 2. Nf3 Nf6 3. c4 Bb4+ 4. Nbd2 O-O 5. a3 Bxd2+ 6. Bxd2 d6 7. Qc2 Qe7 8.
e3 Nbd7 9. Be2 b6 10. O-O Bb7 11. b4 Ne4 12. Bc1 a5 13. b5 e5 14. Bb2 Ng5 15.
Nd2 exd4 16. Bxd4 Ne4 17. Nf3 Nec5 18. Rae1 Qe4 19. Qxe4 Nxe4 20. Rd1 Rae8 21.
Bb2 Nec5 22. Nd4 f5 23. Rfe1 Re7 24. Bf1 Ne6 25. Ne2 Rfe8 26. Nc3 Nec5 27. Ne2
Ne6 28. f3 Kf7 29. Kf2 Nf6 30. h4 g6 31. Nc3 Nc5 32. Nd5 Bxd5 33. cxd5 h6 34.
Bc4 Nfd7 35. Rd4 Ne5 36. Bf1 g5 37. hxg5 1/2-1/2

[Event "15th London Classic Open"]
[Site "London ENG"]
[Date "2025.12.02"]
[Round "8.4"]
[White "Cornette, Matthieu"]
[Black "Kraemer, Martin"]
[Result "1-0"]
[WhiteTitle "GM"]
[BlackTitle "GM"]
[WhiteElo "2517"]
[BlackElo "2571"]
[WhiteFideId "620084"]
[BlackFideId "4671910"]
[EventDate "2025.11.27"]

1. e4 e5 2. Nf3 Nc6 3. Bc4 Bc5 4. c3 Nf6 5. d4 exd4 6. e5 d5 7. Bb5 Ne4 8. cxd4
Bb6 9. Nc3 O-O 10. Be3 Bg4 11. h3 Bh5 12. Qc2 Nxc3 13. bxc3 f6 14. Bxc6 Bxf3 15.
gxf3 bxc6 16. a4 Ba5 17. f4 c5 18. Ke2 Qe8 19. Rag1 Qh5+ 20. f3 fxe5 21. Rg5 Qf7
22. dxe5 d4 23. cxd4 cxd4 24. Rhg1 dxe3 25. e6 Qf6 26. Rxg7+ Qxg7 27. Rxg7+ Kxg7
28. Qc5 Rae8 29. Qg5+ Kh8 30. Qe5+ Kg8 31. Qxa5 Rxe6 32. Qd5 1-0

[Event "15th London Classic Open"]
[Site "London ENG"]
[Date "2025.12.02"]
[Round "8.5"]
[White "Smirin, Ilia"]
[Black "Rozen, Eytan"]
[Result "1-0"]
[WhiteTitle "GM"]
[BlackTitle "IM"]
[WhiteElo "2554"]
[BlackElo "2515"]
[WhiteFideId "2801990"]
[BlackFideId "2816750"]
[EventDate "2025.11.27"]

1. e4 c6 2. d4 d5 3. e5 c5 4. dxc5 e6 5. Nf3 Bxc5 6. a3 Nd7 7. c4 Ne7 8. Nc3
dxc4 9. Bxc4 Ng6 10. Qe2 a6 11. Bd3 b5 12. O-O Bb7 13. Be4 Qc7 14. Bxb7 Qxb7 15.
h4 h6 16. Rd1 O-O 17. h5 Ne7 18. Bf4 Bb6 19. Nh4 Nc5 20. b4 Nb3 21. Bxh6 gxh6
22. Ne4 Rfd8 23. Nf6+ Kh8 24. Qc2 Nf5 25. Nxf5 Nxa1 26. Rxd8+ Rxd8 27. Qc1 Rd1+
28. Qxd1 exf5 29. Qd6 Qc8 30. Qxb6 Qc1+ 31. Kh2 Qf4+ 32. g3 Qxe5 33. Nd7 Qe6 34.
Qd4+ Kg8 35. Nf6+ Kg7 36. Ne8+ Kf8 37. Nc7 Qe2 38. Qh8+ 1-0

[Event "15th London Classic Open"]
[Site "London ENG"]
[Date "2025.12.02"]
[Round "8.6"]
[White "Maze, Sebastien"]
[Black "Fodor, Tamas Jr."]
[Result "1/2-1/2"]
[WhiteTitle "GM"]
[BlackTitle "GM"]
[WhiteElo "2534"]
[BlackElo "2508"]
[WhiteFideId "613762"]
[BlackFideId "723762"]
[EventDate "2025.11.27"]

1. Nf3 d5 2. g3 Nf6 3. Bg2 c5 4. d3 Nc6 5. Nbd2 g6 6. e4 Bg7 7. O-O O-O 8. Re1
dxe4 9. dxe4 e5 10. c3 h6 11. Bf1 Ne8 12. Nc4 Be6 13. Qxd8 Rxd8 14. a4 b6 15.
Nfd2 Nc7 16. Na3 Na5 17. Nac4 Nc6 18. Nb1 Rd7 19. Nba3 Rfd8 20. h4 h5 21. Be3
Kh7 22. Nc2 Bh6 23. Bxh6 Kxh6 24. N2e3 f6 25. Red1 Kg7 26. Rxd7+ Rxd7 27. Be2
Kf8 28. f4 exf4 29. gxf4 Bf7 30. Kf2 Ne7 31. Kg3 Bxc4 32. Nxc4 f5 33. e5 Nc8 34.
Rd1 Rxd1 35. Bxd1 a6 36. a5 bxa5 37. Nxa5 Nb6 38. Bb3 Ke7 39. Kf3 Kf8 40. Nc4
Nxc4 41. Bxc4 a5 42. Ke3 Na8 43. Bb5 Nb6 44. Kd3 Ke7 45. Bc6 Kf8 46. b3 Ke7 47.
Kc2 Kf7 48. Kb2 Ke6 49. Ka3 Nd5 50. Bxd5+ Kxd5 51. Kb2 Ke6 52. Kc2 g5 53. fxg5
c4 54. b4 axb4 55. cxb4 f4 56. b5 f3 57. b6 f2 58. b7 f1=Q 59. b8=Q Qd3+ 1/2-1/2

[Event "15th London Classic Open"]
[Site "London ENG"]
[Date "2025.12.02"]
[Round "8.7"]
[White "Willems, Niels"]
[Black "Kazarian, Anna-Maja"]
[Result "0-1"]
[WhiteTitle "FM"]
[BlackTitle "FM"]
[WhiteElo "2368"]
[BlackElo "2224"]
[WhiteFideId "20695586"]
[BlackFideId "1033689"]
[EventDate "2025.11.27"]

1. c4 e5 2. Nc3 d6 3. g3 f5 4. Bg2 Nf6 5. d3 Be7 6. e3 O-O 7. Nge2 a5 8. O-O c6
9. f4 Na6 10. b3 Qe8 11. h3 h5 12. Bb2 Be6 13. e4 Qg6 14. d4 Rad8 15. d5 Bc8 16.
exf5 Bxf5 17. Qd2 Nb4 18. Kh2 Nd7 19. Nd1 cxd5 20. a3 Nc2 21. Bxd5+ Kh8 22. Ra2
Nc5 23. b4 Ne4 24. Bxe4 Bxe4 25. Ne3 Nxe3 26. Qxe3 Rc8 27. c5 dxc5 28. bxa5 Bd6
29. Raa1 exf4 30. Nxf4 Bxf4 31. Rxf4 Rxf4 32. Qxf4 Bc6 33. Rf1 Re8 34. Qd2 Kh7
35. h4 Qe4 36. Bc3 Rd8 37. Qb2 Rd7 38. Re1 Qg6 39. Be5 Rd3 40. Bf4 c4 41. a6
bxa6 42. Qc1 c3 43. Re2 Ba4 44. Re5 Bd1 45. Re1 Qg4 46. Qb1 c2 47. Qb7 Rxg3 48.
Qe4+ Qg6 49. Qxg6+ Rxg6 50. Re5 Rc6 51. Bc1 Rc4 52. Kh3 Bg4+ 53. Kg3 Kg6 54. Ra5
Rc3+ 55. Kf2 Rh3 56. Rxa6+ Kf5 57. Rc6 Rxh4 58. Kg3 Rh3+ 59. Kg2 Bf3+ 60. Kxh3
Bxc6 61. Kh4 g6 62. Kg3 Ke4 63. Kf2 Kd3 64. Bg5 Kc3 65. Bc1 Kb3 0-1

[Event "15th London Classic Open"]
[Site "London ENG"]
[Date "2025.12.02"]
[Round "8.8"]
[White "Yuffa, Daniil"]
[Black "Roberson, Peter T"]
[Result "1-0"]
[WhiteTitle "GM"]
[BlackTitle "IM"]
[WhiteElo "2618"]
[BlackElo "2447"]
[WhiteFideId "24131423"]
[BlackFideId "412384"]
[EventDate "2025.11.27"]

1. d4 Nf6 2. c4 e6 3. Nf3 d5 4. Nc3 dxc4 5. e4 b5 6. e5 Nd5 7. Nxb5 Nb6 8. a4
Qd7 9. Bd2 a6 10. Na3 Bxa3 11. Rxa3 a5 12. Be2 Bb7 13. O-O Bd5 14. Re1 Nc6 15.
Qc1 Rb8 16. Bc3 O-O 17. Ng5 f5 18. exf6 Rxf6 19. Bg4 Rbf8 20. f3 Rh6 21. h3 Nb4
22. Bxb4 axb4 23. Rae3 Re8 24. a5 Na4 25. Qc2 c5 26. Re5 cxd4 27. Rxd5 Qxd5 28.
Qxa4 Re7 29. f4 d3 30. Qxb4 Re8 31. Rxe6 Rd8 32. Rxh6 Qd4+ 33. Kh1 gxh6 34. Be6+
Kh8 35. Nf7+ Kg7 36. Nxd8 Qxd8 37. Qc3+ 1-0

[Event "15th London Classic Open"]
[Site "London ENG"]
[Date "2025.12.02"]
[Round "8.9"]
[White "Harvey, Marcus R"]
[Black "Iniyan, Pa"]
[Result "0-1"]
[WhiteTitle "IM"]
[BlackTitle "GM"]
[WhiteElo "2438"]
[BlackElo "2601"]
[WhiteFideId "400092"]
[BlackFideId "25002767"]
[EventDate "2025.11.27"]

1. g3 d5 2. Nf3 Nf6 3. Bg2 e6 4. O-O Be7 5. b3 O-O 6. Bb2 c5 7. e3 Nc6 8. Qe2
Qc7 9. c4 Rd8 10. d4 cxd4 11. Nxd4 Nxd4 12. exd4 b6 13. Rc1 Ba6 14. Qe1 Qd7 15.
c5 Rdc8 16. cxb6 axb6 17. Nc3 Ne8 18. Na4 Rcb8 19. Bf1 Bxf1 20. Qxf1 Nd6 21. Nc3
b5 22. Qd3 g6 23. Rc2 Bf6 24. Nd1 b4 25. Ne3 h5 26. Ng2 Ra5 27. Bc1 Nf5 28. Be3
Qa7 29. Rac1 Bxd4 30. Nh4 Bxe3 31. fxe3 Qxe3+ 32. Qxe3 Nxe3 33. Rf2 Rba8 34. Rc7
Rxa2 35. Rfxf7 Ra1+ 0-1

[Event "15th London Classic Open"]
[Site "London ENG"]
[Date "2025.12.02"]
[Round "8.10"]
[White "Jumabayev, Rinat"]
[Black "Tulchynskyi, Feliks"]
[Result "1-0"]
[WhiteTitle "GM"]
[BlackTitle "IM"]
[WhiteElo "2560"]
[BlackElo "2409"]
[WhiteFideId "13702661"]
[BlackFideId "34127895"]
[EventDate "2025.11.27"]

1. c4 e6 2. Nc3 Nf6 3. e4 d5 4. e5 d4 5. exf6 dxc3 6. bxc3 Qxf6 7. Nf3 e5 8. d4
exd4 9. Bg5 Qe6+ 10. Be2 Be7 11. cxd4 Bxg5 12. Nxg5 Qf6 13. Ne4 Qe7 14. Nc3 Bg4
15. Qa4+ c6 16. O-O Bxe2 17. Rfe1 O-O 18. Rxe2 Qd8 19. Rd1 Nd7 20. d5 Nb6 21.
Qb3 c5 22. Rde1 Qd7 23. h4 Rae8 24. Ne4 Rc8 25. Qg3 Kh8 26. Qd3 h6 27. Ng3 Rce8
28. Nf5 Rxe2 29. Rxe2 Nc8 30. d6 g6 31. Qc3+ f6 32. Ne7 Kg7 33. Qd3 Qg4 34. Re4
Qd7 35. Re3 Qg4 36. Rg3 Qh5 37. Nxg6 1-0

[Event "15th London Classic Open"]
[Site "London ENG"]
[Date "2025.12.02"]
[Round "8.11"]
[White "Korshunov, Sergey And."]
[Black "Sanal, Vahap"]
[Result "0-1"]
[WhiteTitle "FM"]
[BlackTitle "GM"]
[WhiteElo "2377"]
[BlackElo "2546"]
[WhiteFideId "34274715"]
[BlackFideId "6300545"]
[EventDate "2025.11.27"]

1. e4 c5 2. Nf3 e6 3. d4 cxd4 4. Nxd4 a6 5. Bd3 Nf6 6. O-O d6 7. c4 Nbd7 8. Nc3
g6 9. Qe2 Bg7 10. Rd1 O-O 11. Be3 Qc7 12. Rac1 b6 13. f3 Bb7 14. Qf2 Rac8 15.
Bf1 Qb8 16. b4 Rfe8 17. Nb3 Rc6 18. Na4 Ba8 19. c5 bxc5 20. bxc5 d5 21. exd5
Nxd5 22. Bd4 Bh6 23. Kh1 Bxc1 24. Rxc1 Qf4 25. Nb2 e5 26. Nd3 Qg5 27. Bb2 Rc7
28. Re1 Re6 29. Ba1 Qe7 30. Qb2 f6 31. Qd2 Kg7 32. Bb2 Bc6 33. Ba3 Bb5 34. Nb2
Bc6 35. Bc4 Nb8 36. Bxd5 Rd7 37. Qb4 Rxd5 38. Qxb8 e4 39. f4 e3 40. Na5 Bb5 41.
Qa8 Rd4 42. c6 Qxa3 43. Qa7+ Re7 44. Qxd4 Qxa5 45. Rxe3 Rxe3 46. Qxe3 Bxc6 47.
a3 Qd5 48. Qe2 Qc5 49. h3 Qc1+ 50. Nd1 Kf8 51. Qe1 Qxf4 52. Ne3 Qe4 53. Qf2 Qd4
54. Qg3 Kf7 55. Qc7+ Qd7 56. Qg3 h5 57. h4 Qd4 58. Qe1 Qe4 59. Kg1 Qd4 60. Qc1
Bd7 61. Qe1 a5 62. Kh1 a4 63. Kg1 Be6 64. Kh1 Qc5 65. Qg3 Qxa3 66. Qc7+ Qe7 67.
Qa5 a3 68. Nd5 Qb7 69. Nb4 a2 70. Nxa2 Qb1+ 0-1

[Event "15th London Classic Open"]
[Site "London ENG"]
[Date "2025.12.02"]
[Round "8.12"]
[White "Flear, Glenn C"]
[Black "Chasin, Nico"]
[Result "0-1"]
[WhiteTitle "GM"]
[BlackTitle "IM"]
[WhiteElo "2376"]
[BlackElo "2512"]
[WhiteFideId "400165"]
[BlackFideId "30908477"]
[EventDate "2025.11.27"]

1. d4 Nf6 2. c4 e6 3. Nc3 Bb4 4. f3 c5 5. d5 b5 6. e4 d6 7. Bd2 a6 8. a4 bxa4 9.
Nge2 Nbd7 10. Ng3 h5 11. h4 a3 12. bxa3 Ba5 13. Be2 Ne5 14. Qc2 Ng6 15. Bg5 Qc7
16. Kf2 Ng8 17. dxe6 fxe6 18. f4 N8e7 19. Rhf1 d5 20. cxd5 Nxf4 21. Bxf4 Qxf4+
22. Bf3 O-O 23. Nce2 Qd6 24. Kg1 exd5 25. exd5 Bc7 26. Be4 Bg4 27. Rxf8+ Rxf8
28. Rf1 Rxf1+ 29. Nxf1 Nxd5 30. Bxd5+ Qxd5 31. Ne3 Qe6 32. Nxg4 hxg4 33. Kf2 c4
34. g3 Qd5 35. Qc3 Bb6+ 0-1

[Event "15th London Classic Open"]
[Site "London ENG"]
[Date "2025.12.02"]
[Round "8.13"]
[White "Mikhalevski, Victor"]
[Black "Gasanov, Eldar"]
[Result "1-0"]
[WhiteTitle "GM"]
[BlackTitle "GM"]
[WhiteElo "2504"]
[BlackElo "2447"]
[WhiteFideId "2801914"]
[BlackFideId "14104466"]
[EventDate "2025.11.27"]

1. c4 c5 2. Nf3 Nc6 3. g3 g6 4. Bg2 Bg7 5. O-O e6 6. Nc3 Nge7 7. b3 O-O 8. Bb2
d6 9. e3 e5 10. d4 exd4 11. exd4 Bg4 12. h3 Bxf3 13. Bxf3 Bxd4 14. Qd2 Nf5 15.
Kg2 Qf6 16. Rad1 Rae8 17. Ba1 Re5 18. Qc1 a6 19. Rd3 Rfe8 20. Nd5 Qg7 21. Nc3 h5
22. Rfd1 Kh7 23. Bd5 Nb4 24. Rf3 b5 25. Bb7 bxc4 26. bxc4 Qh6 27. Rf4 R5e7 28.
Bf3 Be5 29. Ne4 Nd4 30. a3 Nbc6 31. Nf6+ Bxf6 32. Rxf6 Qxc1 33. Rxc1 Nxf3 34.
Kxf3 Rd7 35. Rd1 Re6 36. g4 Na5 37. Rf4 g5 38. Rf5 Kg6 39. gxh5+ Kxf5 40. Rd5+
Re5 41. Bxe5 Nxc4 42. Bf4+ Ke6 43. Rxg5 f6 44. Rg8 Ne5+ 45. Bxe5 dxe5 46. Ra8
Kf5 47. Rxa6 c4 48. h6 Rd3+ 49. Kg2 Kg6 50. a4 Ra3 51. a5 e4 52. h4 e3 53. h7
Kxh7 54. Rxf6 e2 55. Re6 Ra2 56. Kf3 c3 57. Rxe2 Rxa5 58. Re7+ Kg6 59. Rc7 Kh5
60. Kg3 Ra3 61. f3 Rb3 62. Rc5+ Kg6 63. Kg4 Ra3 64. f4 Rb3 65. h5+ Kh6 66. Rc6+
Kg7 67. Kg5 Ra3 68. f5 Ra1 69. Rc7+ Kg8 70. Rxc3 Rg1+ 71. Kf6 Kh7 72. Rc7+ Kh6
73. Rc8 Kh7 74. Ke6 Re1+ 75. Kf7 Ra1 76. f6 Ra7+ 77. Kf8 Ra5 78. f7 Re5 79. Re8 1-0

[Event "15th London Classic Open"]
[Site "London ENG"]
[Date "2025.12.02"]
[Round "8.14"]
[White "Kanyamarala, Tarun"]
[Black "Grieve, Harry"]
[Result "1-0"]
[WhiteTitle "IM"]
[BlackTitle "IM"]
[WhiteElo "2376"]
[BlackElo "2491"]
[WhiteFideId "45004714"]
[BlackFideId "426520"]
[EventDate "2025.11.27"]

1. e4 c5 2. Nf3 e6 3. c4 Nc6 4. d4 cxd4 5. Nxd4 Nf6 6. Nc3 Bb4 7. Nxc6 bxc6 8.
Bd3 e5 9. O-O O-O 10. h3 Re8 11. Na4 d5 12. a3 Bf8 13. cxd5 cxd5 14. exd5 Qxd5
15. Nc3 Qe6 16. Bb5 Bd7 17. Bxd7 Nxd7 18. Be3 Nb6 19. Bxb6 Qxb6 20. b4 a5 21.
Nd5 Qb7 22. Qb3 Red8 23. Rad1 Rd7 24. Qf3 axb4 25. Nf6+ gxf6 26. Qg4+ Kh8 27.
Rxd7 Qb8 28. axb4 Qxb4 29. Qf3 Ra6 30. Rxf7 Bg7 31. Rd1 Qb8 1-0